Normal view
MARC view
Entry Personal Name
001 - CONTROL NUMBER
- control field: 57570
003 - CONTROL NUMBER IDENTIFIER
- control field: OSt
005 - DATE AND TIME OF LATEST TRANSACTION
- control field: 20251024164728.0
008 - FIXED-LENGTH DATA ELEMENTS
- fixed length control field: 251024|| aca||aabn | a|a d
040 ## - CATALOGING SOURCE
- Original cataloging agency: OSt
- Transcribing agency: OSt
100 ## - HEADING--PERSONAL NAME
- Personal name: Parvathy, Lakshmi and Kamath, Rajalaxmi
670 ## - SOURCE DATA FOUND
- Source citation: Work cat.: (OSt)527412: Parvathy, Lakshmi and Kamath, Rajalaxmi , Labour contractors (Thekedaars) to human resource companies: Labour market intermediaries in India
